Windows registry forensics : (Record no. 527314)

000 -LEADER
fixed length control field 01954cam a22004217i 4500
001 - CONTROL NUMBER
control field 19654803
003 - CONTROL NUMBER IDENTIFIER
control field NUST
005 - DATE AND TIME OF LATEST TRANSACTION
control field 20190725052559.0
008 - FIXED-LENGTH DATA ELEMENTS--GENERAL INFORMATION
fixed length control field 170520t20162016enkaa 001 0 eng
010 ## - LIBRARY OF CONGRESS CONTROL NUMBER
LC control number 2017304659
020 ## - INTERNATIONAL STANDARD BOOK NUMBER
International Standard Book Number 9780128032916
Qualifying information (paperback)
020 ## - INTERNATIONAL STANDARD BOOK NUMBER
International Standard Book Number 012803291X
Qualifying information (paperback)
038 ## - RECORD CONTENT LICENSOR
Staff Name M. Shaban
040 ## - CATALOGING SOURCE
Original cataloging agency DLC
Language of cataloging eng
Description conventions rda
Transcribing agency DLC
Modifying agency DLC
050 00 - LIBRARY OF CONGRESS CALL NUMBER
Classification number MLCM 2019/40063 (H)
082 ## - DEWEY DECIMAL CLASSIFICATION NUMBER
Classification number 005.8
Author Mark CAR
100 1# - MAIN ENTRY--PERSONAL NAME
Personal name Carvey, Harlan A.,
Relator term author.
9 (RLIN) 18477
245 10 - TITLE STATEMENT
Title Windows registry forensics :
Remainder of title advanced digital forensic analysis of the Windows Registry /
Statement of responsibility, etc. Harlan Carvey.
250 ## - EDITION STATEMENT
Edition statement Second edition
264 #1 - PRODUCTION, PUBLICATION, DISTRIBUTION, MANUFACTURE, AND COPYRIGHT NOTICE
Place of production, publication, distribution, manufacture Amersterdam :
Name of producer, publisher, distributor, manufacturer Syngress is an imprint of Elsevier,
Date of production, publication, distribution, manufacture, or copyright notice [2016]
300 ## - PHYSICAL DESCRIPTION
Extent xvi, 198 pages :
Other physical details illustrations ;
Dimensions 24 cm
336 ## - CONTENT TYPE
Content type term text
Content type code txt
Source rdacontent
337 ## - MEDIA TYPE
Media type term unmediated
Media type code n
Source rdamedia
338 ## - CARRIER TYPE
Carrier type term volume
Carrier type code nc
Source rdacarrier
500 ## - GENERAL NOTE
General note Includes index.
500 ## - GENERAL NOTE
General note Minimal Level Cataloging Plus.
Institution to which field applies DLC
505 0# - FORMATTED CONTENTS NOTE
Formatted contents note Registry analysis -- Processes and tools -- Analyzing the system hives -- Case studies: User hives -- RegRipper.
520 ## - SUMMARY, ETC.
Summary, etc. The second edition provides the most in-depth guide to forensic investigations involving Windows Registry. This book is one of a kind, giving the background of the Registry to help users develop an understanding of the structure of registry hive files, as well as information stored within keys and values that can have a significant impact on forensic investigations. -- Back cover.
630 00 - SUBJECT ADDED ENTRY--UNIFORM TITLE
Uniform title Microsoft Windows (Computer file)
9 (RLIN) 18003
650 #0 - SUBJECT ADDED ENTRY--TOPICAL TERM
Topical term or geographic name entry element Operating systems (Computers)
9 (RLIN) 6657
650 #0 - SUBJECT ADDED ENTRY--TOPICAL TERM
Topical term or geographic name entry element Computer crimes
General subdivision Investigation
-- Methodology.
9 (RLIN) 18478
650 #0 - SUBJECT ADDED ENTRY--TOPICAL TERM
Topical term or geographic name entry element Computer networks
General subdivision Security measures.
9 (RLIN) 466
650 #0 - SUBJECT ADDED ENTRY--TOPICAL TERM
Topical term or geographic name entry element Computer security.
9 (RLIN) 570
650 #0 - SUBJECT ADDED ENTRY--TOPICAL TERM
Topical term or geographic name entry element Component software.
9 (RLIN) 18479
906 ## - LOCAL DATA ELEMENT F, LDF (RLIN)
a 7
b cbc
c orignew
d 2
e ncip
f 20
g y-gencatlg
942 ## - ADDED ENTRY ELEMENTS (KOHA)
Source of classification or shelving scheme
Koha item type Book
Holdings
Withdrawn status Lost status Source of classification or shelving scheme Damaged status Not for loan Permanent Location Current Location Shelving location Date acquired Total Checkouts Full call number Barcode Date last seen Price effective from Koha item type
          Central Library (CL) Central Library (CL) First Floor - Artificial Intelligence/Data Mining 07/25/2019   005.8 CAR CL-183 07/25/2019 07/25/2019 Book
          Central Library (CL) Central Library (CL) First Floor - Artificial Intelligence/Data Mining 07/25/2019   005.8 CAR CL-184 07/25/2019 07/25/2019 Book
© 2023 Central Library, National University of Sciences and Technology. All Rights Reserved.